Catalog

Record Details

Catalog Search



The investigators : Badge of honor Cover Image Book Book

The investigators : Badge of honor/ W.E.B. Griffin.

Griffin, W. E. B. : (author(Alabama Author.)).

Summary:

A brutal crime...A group of urban terrorists...An investigation of dirty cops...The leads in these supposedly unconnected cases have become tangled in some very ugly--and dangerous--knots. Now Special Operations detective Matt Payne and his colleagues find themselves fearing not only for their jobs, but also for their very lives...

Record details

  • ISBN: 0399143084
  • ISBN: 9780399143083
  • ISBN: 0515124060
  • ISBN: 9780515124064
  • Physical Description: 408 pages ; 24 cm.
  • Publisher: New York : G.P. Putnam's Sons, 1997.
Subject: Payne, Matt (Fictitious character) > Fiction.
Police > Pennsylvania > Philadelphia > Fiction.
Philadelphia (Pa.) > Fiction.
Genre: Detective and mystery stories.
Thriller
Alabama Author.

LDR 00976cam a2200313 a 4500
001121224
003SBPL
00520181210094153.0
008970203s1997 nyu 000 1 eng
010 . ‡a 97001842
020 . ‡a0399143084 ‡q(alk. paper)
020 . ‡a9780399143083 ‡q(alk. paper)
020 . ‡a0515124060
020 . ‡a9780515124064
035 . ‡a(CONS)121224
035 . ‡a(OCoLC)36393714 ‡z(OCoLC)608806996 ‡z(OCoLC)732872874 ‡z(OCoLC)733703591 ‡z(OCoLC)780006551 ‡z(OCoLC)798225768 ‡z(OCoLC)988423159 ‡z(OCoLC)995881221 ‡z(OCoLC)999574646 ‡z(OCoLC)1005164052 ‡z(OCoLC)1090225041 ‡z(OCoLC)1503749247
05000. ‡aPS3557.R489137 ‡bI58 1997
08200. ‡a813/.54 ‡221
1001 . ‡aGriffin, W. E. B. : ‡eauthor(Alabama Author.)
24514. ‡aThe investigators : ‡bBadge of honor/ ‡cW.E.B. Griffin.
260 . ‡aNew York : ‡bG.P. Putnam's Sons, ‡c1997.
300 . ‡a408 pages ; ‡c24 cm.
336 . ‡atext ‡btxt ‡2rdacontent
337 . ‡aunmediated ‡bn ‡2rdamedia
338 . ‡avolume ‡bnc ‡2rdacarrier
4901 . ‡aBadge of honor ; ‡vbk. 7
520 . ‡aA brutal crime...A group of urban terrorists...An investigation of dirty cops...The leads in these supposedly unconnected cases have become tangled in some very ugly--and dangerous--knots. Now Special Operations detective Matt Payne and his colleagues find themselves fearing not only for their jobs, but also for their very lives...
650 0. ‡aPayne, Matt (Fictitious character) ‡vFiction.
650 0. ‡aPolice ‡zPennsylvania ‡zPhiladelphia ‡vFiction.
651 0. ‡aPhiladelphia (Pa.) ‡vFiction.
655 7. ‡aDetective and mystery stories. ‡2lcgft
655 7. ‡aThriller
655 7. ‡aAlabama Author.
8001 . ‡aBadge of honor ; ‡vbk. 7
8301 . ‡aGriffin, W. E. B. ‡tBadge of honor ; ‡vbk. 7.
901 . ‡a121224 ‡bUnknown ‡c121224 ‡tbiblio

Additional Resources